000 00602nam a2200169 i 4500
001 113672
003 ES-MaACL
005 20230906185955.0
007 t|
008 061121s1915 mx r ||||1| spa d
100 1 _aPalavicini, Félix F.
_988513
245 1 3 _aUn nuevo Congreso constituyente /
_cartículos de Félix F. Palavicini, publicados en la prensa de Veracruz, durante el período revolucionario.
260 _aVeracruz :
_b[s. n.],
_c1915 (
_fImp. de la Sria. de I.P. y B.A)
300 _a86 p. ;
_c20 cm.
651 4 _aMéxico-
_xHistoria-
_z1910-1946.
_99066
852 _aES-MaACL
_j1544-F-5
999 _c113672
_d113672